[Event "BRA-ch Amateur U1800"]
[Site "Sao Paulo"]
[Date "2017.10.14"]
[Round "5"]
[White "Dias, Joao Batista de Sou"]
[Black "De Almeida, Adilson Luis F"]
[Result "0-1"]
[WhiteElo "1751"]
[BlackElo "1734"]
[PlyCount "78"]
[EventDate "2017.10.12"]
[EventType "swiss"]
[EventRounds "7"]
[EventCountry "BRA"]
[SourceTitle "EXT 2019"]
[Source "ChessBase"]
[SourceDate "2018.10.10"]
[SourceVersion "1"]
[SourceVersionDate "2018.10.10"]
[SourceQuality "1"]

1. e4 c5 2. f4 Nc6 3. Nf3 g6 4. c3 Bg7 5. Bc4 e6 6. 0-0 Nge7 7. d3 d5 8. Bb3 0-0 9. Be3 b6 10. Nbd2 Ba6 11. Bc2 d4 12. cxd4 Nxd4 13. Ne1 Nec6 14. Bb1 Qc7 15. a3 Rfd8 16. Kh1 Qe7 17. Rf2 Rac8 18. Qg4 Kh8 19. h4 h5 20. Qh3 f5 21. e5 Kh7 22. Nc4 Bxc4 23. dxc4 Nb3 24. Bxf5 exf5 25. Rb1 Ncd4 26. Kh2 Qb7 27. Nf3 Nxf3+ 28. Rxf3 Nd2 29. Bxd2 Rxd2 30. Re1 Rcd8 31. e6 Qe7 32. b4 R8d6 33. bxc5 bxc5 34. Rb3 Rxe6 35. Rxe6 Qxe6 36. Rb7 Qe4 37. Rxa7 Rd3 38. g3 Rd2+ 39. Kg1 Qb1+ 0-1

[Event "BRA-ch Amateur U1800"]
[Site "Sao Paulo"]
[Date "2017.10.12"]
[Round "2"]
[White "De Almeida, Adilson Luis F"]
[Black "Brujin, Homero"]
[Result "1-0"]
[WhiteElo "1734"]
[BlackElo "1429"]
[PlyCount "79"]
[EventDate "2017.10.12"]
[EventType "swiss"]
[EventRounds "7"]
[EventCountry "BRA"]
[SourceTitle "EXT 2019"]
[Source "ChessBase"]
[SourceDate "2018.10.10"]
[SourceVersion "1"]
[SourceVersionDate "2018.10.10"]
[SourceQuality "1"]

1. Nf3 Nf6 2. c4 d6 3. d4 g6 4. Nc3 Bg7 5. e4 0-0 6. Bd3 Nc6 7. h3 Nb4 8. Be2 c5 9. d5 Nd7 10. a3 Na6 11. 0-0 Nc7 12. Bg5 b6 13. Qd2 Ba6 14. a4 Ne5 15. Nb5 Ne8 16. Nxe5 Bxe5 17. f4 Bg7 18. Bd3 Nf6 19. Rae1 Bxb5 20. axb5 Nd7 21. Ra1 f6 22. Bh4 Qe8 23. Ra6 Nb8 24. Ra3 a5 25. Be2 Qd8 26. Bg4 Bh6 27. Qe2 Kh8 28. Bg3 Bg7 29. e5 dxe5 30. fxe5 f5 31. Bf3 f4 32. Bh4 Nd7 33. d6 exd6 34. Bxa8 Qxa8 35. exd6 Ne5 36. Bg5 Nxc4 37. Qxc4 Bd4+ 38. Kh1 Qe4 39. Raf3 Rf5 40. d7 1-0